The Bombay Civil List (Record no. 1212859)

MARC details
000 -LEADER
fixed length control field 00500nam a2200193Ia 4500
008 - FIXED-LENGTH DATA ELEMENTS--GENERAL INFORMATION
fixed length control field 151121s9999||||xx |||||||||||||| ||und||
082 ## - DEWEY DECIMAL CLASSIFICATION NUMBER
Classification number 340
082 ## - DEWEY DECIMAL CLASSIFICATION NUMBER
Item number HNW-4774
100 ## - MAIN ENTRY--PERSONAL NAME
Personal name Govt। Of India
245 #4 - TITLE STATEMENT
Title The Bombay Civil List
260 ## - PUBLICATION, DISTRIBUTION, ETC. (IMPRINT)
Name of publisher, distributor, etc "The Superintendent , Govt।Printing And Stationery"
260 ## - PUBLICATION, DISTRIBUTION, ETC. (IMPRINT)
Date of publication, distribution, etc --
300 ## - PHYSICAL DESCRIPTION
Extent 834
600 ## - SUBJECT ADDED ENTRY--PERSONAL NAME
Personal name Govt। Of India
630 ## - SUBJECT ADDED ENTRY--UNIFORM TITLE
Uniform title The Bombay Civil List
700 ## - ADDED ENTRY--PERSONAL NAME
Personal name Govt। Of India
730 ## - ADDED ENTRY--UNIFORM TITLE
Uniform title The Bombay Civil List
942 ## - ADDED ENTRY ELEMENTS (KOHA)
Koha item type Book
Holdings
Withdrawn status Lost status Damaged status Not for loan Home library Current library Date acquired Cost, normal purchase price Total Checkouts Full call number Barcode Date last seen Cost, replacement price Price effective from Koha item type
        Hirachand Nemchand Wachanalaya, Solapur Hirachand Nemchand Wachanalaya, Solapur 11/21/2015 0.00   HNW-4774 HNW-4774 11/21/2015 0.00 11/21/2015 Book